000 00861nam a2200229 a 4500
001 73711
003 BD-RjUL
005 20211209082433.0
008 170607s1967 maua b 001 0 eng
035 _a(BD-RjUL)73929
040 _aDLC
_cDLC
_dBD-RjUL
_beng
041 _aeng
082 _223
_a658.4
_bLAO 1967
100 1 _aLawrence, Paul R.
_9218197
245 1 0 _aOrganization and environment :
_bmanaging differentiation and integration /
_cPaul R. Lawrence and Jay W. Lorsch. With the research assistance of James S. Garrison.
260 _aBoston :
_bDivision of Research, Graduate School of Business Administration, Harvard University,
_cc1967, [printing 1970]
300 _axv, 279 p. :
_bill. ;
_c22 cm.
504 _aBibliography: p. [269]-273.
650 _aExecutive Management
_9218198
700 1 _aLorsch, Jay William.
_9218184
942 _2ddc
_cBK
999 _c73711
_d73711